Bojówki dywersyjne na terenie podrzeszowskich placówek AK "Świerk" i "Grab" w gminie Świlcza 1943-1947

Titel: Bojówki dywersyjne na terenie podrzeszowskich placówek AK "Świerk" i "Grab" w gminie Świlcza 1943-1947 / Józef Forystek
Verfasser:
Veröffentlicht: Kraków : Wydawnictwo Jak, 2019
Umfang: 658 Seiten : Illustrationen, Karten ; 24 cm
Format: Buch
Sprache: Polnisch
Schlagworte:
ISBN: 9788364506475
Buchumschlag
X
alg: 46314857
001A    $03004:20-04-20 
001B    $01999:08-07-20 $t11:29:01.000 
001D    $03004:27-05-20 
001U    $0utf8 
001X    $00 
002@    $0Aau 
002C    $aText $btxt $2rdacontent 
002D    $aohne Hilfsmittel zu benutzen $bn $2rdamedia 
002E    $aBand $bnc $2rdacarrier 
003@    $0463148576 
004A    $A978-83-64506-47-5 
006C    $01110094503 $aOCoLC 
007A    $0BV046060709 $aBVB 
007G    $0DE020E4D0C8ADAB260B4FC125859E002CFCFC 
009P    $qapplication/pdf $A2 $3Inhaltsverzeichnis $uhttp://scans.hebis.de/HEBCGI/show.pl?46314857_toc.pdf $mV:DE-603;B:DE-Mb50 
010@    $apol 
010E    $erda 
011@    $a2019 $n2019 
021A    $aBojówki dywersyjne na terenie podrzeszowskich placówek AK "Świerk" i "Grab" w gminie Świlcza 1943-1947 $hJózef Forystek 
028A    $BVerfasser $4aut $8Forystek, Józef$Z1966- [Tp3] $9451024680 
033A    $pKraków $nWydawnictwo Jak 
034D    $a658 Seiten 
034I    $a24 cm 
034M    $aIllustrationen, Karten 
037A    $aLiteraturverzeichnis Seite 565-597 
044K    $qBVB $74818320-9 $8Świlcza [Tg1] $9127352163 
044K    $qBVB $#Untergrund $74354742-4 $8Untergrund$gPolitik [Ts1] $9088243834 
044K    $qBVB $RKombattant $ROpposition $RWiderstandskämpfer $RProtest $#Government, Resistance to $#Underground movements, War $#Résistance politique $#Mouvements de résistance $#Politischer Widerstand $#Widerstand $#Widerstandsbewegung $#Politischer Widerstand $#Widerstandsbewegung $74079262-6 $8Widerstand [Ts1] $9085225177 
045F    $a909 $eDDC23BSB 
045F/01 $a909 
045F/03 $f09044 
045F/03 $g439 
045R    $aGeschichte 1943-1947 
045T    $aOST $qDE-12 $2FID 

lok: 46314857 24

exp: 46314857 24 1 #EPN
201B/01 $027-05-20 $t13:47:54.000 
201C/01 $020-04-20 
201U/01 $0utf8 
203@/01 $01101683147 
208@/01 $a27-05-20 $bz 
209A/01 $a20.01415 $du $f050 $h20 01415 $x00 
209C/01 $a20.01415 K $h20 01415 K 
209G/01 $a74288553 $x00 
220C/01 $aho-sz 
247C/01 $8358050-7 Marburg, Bibliothek des Herder-Instituts Marburg $9102600961
LEADER 00000cam a2200000 c 4500
001 463148576
003 DE-603
005 20200708112901.0
007 tu
008 200420s2019 xx |||| | u00||u|pol c
020 |a 9788364506475 
035 |a (DE-599)BVBBV046060709 
040 |a DE-603  |b ger  |c DE-603  |d DE-603  |e rda 
041 |a pol 
082 0 4 |8 1\u  |a 909  |q DE-101  |2 23/BSB 
084 |a OST  |q DE-12  |2 fid 
085 |8 1\u  |b 909 
085 |8 1\u  |z 1  |s 09044 
085 |8 1\u  |z 2  |s 439 
100 1 |a Forystek, Józef  |d 1966-  |e Verfasser  |4 aut  |0 (DE-603)451024680  |0 (DE-588)1191213277  |2 gnd 
245 0 0 |a Bojówki dywersyjne na terenie podrzeszowskich placówek AK "Świerk" i "Grab" w gminie Świlcza 1943-1947  |c Józef Forystek 
264 1 |a Kraków  |b Wydawnictwo Jak  |c 2019 
300 |a 658 Seiten  |b Illustrationen, Karten  |c 24 cm 
336 |a Text  |b txt  |2 rdacontent 
337 |a ohne Hilfsmittel zu benutzen  |b n  |2 rdamedia 
338 |a Band  |b nc  |2 rdacarrier 
500 |a Literaturverzeichnis Seite 565-597 
648 7 |a Geschichte 1943-1947  |2 gnd 
650 7 |a Untergrund  |g Politik  |0 (DE-588)4354742-4  |0 (DE-603)088243834  |2 gnd 
650 7 |a Widerstand  |0 (DE-588)4079262-6  |0 (DE-603)085225177  |2 gnd 
651 7 |a Świlcza  |0 (DE-588)4818320-9  |0 (DE-603)127352163  |2 gnd 
856 4 2 |m V:DE-603;B:DE-Mb50  |q application/pdf  |u http://scans.hebis.de/HEBCGI/show.pl?46314857_toc.pdf  |3 Inhaltsverzeichnis 
924 0 |9 Mb 50  |a (DE-603)1101683147  |b DE-Mb50  |c HES  |d c  |g 20.01415